000 00765nam a2200205Ii 4500
003 JO-AjNU
008 230605s9999||||xx |||||||||||||| ||und||
040 _aJO-AjNU
_bara
_erda
_cJO-AjNU
041 _aara
050 1 4 _aBP75.2.S252
100 3 _aالصلابي، علي محمد محمد,
_eauthor
_956443
245 0 0 _aالسيرة النبوية: عرض وقائع وتحليل أحداث دروس وعبر في تربية الأمة وبناء الدولة، ج1
264 3 1 _aاربد: دار الكتاب الثقافي، د.ت
300 _aج1، 1274ص
336 _atext
_btxt
_2rdacontent
337 _aunmediated
_bn
_2rdamedia
338 _avolume
_bnc
_2rdacarrier
490 0 _aعصر النبوة
650 4 _aالسيرة النبوية
_956444
999 _aA25234
_c28802
_d28802